<?xml version="1.0" encoding="UTF-8"?>
<record
    xmlns:xsi="http://www.w3.org/2001/XMLSchema-instance"
    xsi:schemaLocation="http://www.loc.gov/MARC21/slim http://www.loc.gov/standards/marcxml/schema/MARC21slim.xsd"
    xmlns="http://www.loc.gov/MARC21/slim">

  <leader>01228nam a22001817a 4500</leader>
  <controlfield tag="003">IT-RoPau</controlfield>
  <controlfield tag="005">20220918181106.0</controlfield>
  <controlfield tag="008">130515b        xxu||||| |||| 00| 0 eng d</controlfield>
  <datafield tag="040" ind1=" " ind2=" ">
    <subfield code="c">IT-RoPau</subfield>
  </datafield>
  <datafield tag="100" ind1=" " ind2=" ">
    <subfield code="a">Centro di Promozione e Formazione</subfield>
    <subfield code="9">554</subfield>
  </datafield>
  <datafield tag="245" ind1=" " ind2=" ">
    <subfield code="a">"Al centro sta Ges&#xF9; Cristo Via Verit&#xE0; e Vita" Sac. G. Alberione </subfield>
  </datafield>
  <datafield tag="250" ind1=" " ind2=" ">
    <subfield code="a">1&#xB0; ed</subfield>
  </datafield>
  <datafield tag="260" ind1=" " ind2=" ">
    <subfield code="a">Roma</subfield>
    <subfield code="b">SSP</subfield>
    <subfield code="c">1984</subfield>
  </datafield>
  <datafield tag="300" ind1=" " ind2=" ">
    <subfield code="a">44 pp.</subfield>
    <subfield code="c">30 cm</subfield>
  </datafield>
  <datafield tag="490" ind1=" " ind2=" ">
    <subfield code="a">Il Religioso paolino nella sua comunit&#xE0;</subfield>
    <subfield code="v">14&#xB0; Vol.</subfield>
  </datafield>
  <datafield tag="520" ind1=" " ind2=" ">
    <subfield code="a">Indice

Presentazione
Prima parte
"Al centro sta Ges&#xF9; Cristo Via verit&#xE0; e Vita"
1. Il problema
2. Le interpretazioni
a. Via esemplare
b. Via dell'ascesi
c. Via trinitaria
3. Il messaggo
a. Cristo Verit&#xE0;
b. Cristo Via
c. Cristo Vita
d. Meditazione di Cristo e Trinit&#xE0;
Seconda parte
"Al centro sta Ges&#xF9; Cristo Via, Verit&#xE0; e Vita"
Pensare grande
a. Un "nuovo" modo di essere prete
b. Un "nuovo" modo di essere religiosi
c. La vocazione del laico
Fedelt&#xE0; creativa e fedelt&#xE0; ripetitiva
Il metodo Via, Verit&#xE0; e Vita
a. Io sono la Via
b. Il sono la VIta
c. Io sono la Verit&#xE0;
Terza parte - Schemi
1. Spiritualit&#xE0; Paolina
2. Io sono la Via
3. Io sono la Verit&#xE0;
4. Io sono la Vita
5. Il Maestro ed il Discepolo
</subfield>
  </datafield>
  <datafield tag="942" ind1=" " ind2=" ">
    <subfield code="2">ddc</subfield>
    <subfield code="c">BK</subfield>
  </datafield>
  <datafield tag="999" ind1=" " ind2=" ">
    <subfield code="c">98539</subfield>
    <subfield code="d">98539</subfield>
  </datafield>
  <datafield tag="952" ind1=" " ind2=" ">
    <subfield code="0">0</subfield>
    <subfield code="1">0</subfield>
    <subfield code="2">ddc</subfield>
    <subfield code="4">0</subfield>
    <subfield code="6">P_D2</subfield>
    <subfield code="7">1</subfield>
    <subfield code="a">PAULUS</subfield>
    <subfield code="b">PAULUS</subfield>
    <subfield code="d">2013-05-15</subfield>
    <subfield code="l">0</subfield>
    <subfield code="o">P D2</subfield>
    <subfield code="p">spFP 9</subfield>
    <subfield code="r">2013-05-15 00:00:00</subfield>
    <subfield code="w">2013-05-15</subfield>
    <subfield code="y">BK</subfield>
  </datafield>
  <datafield tag="952" ind1=" " ind2=" ">
    <subfield code="0">0</subfield>
    <subfield code="1">0</subfield>
    <subfield code="2">ddc</subfield>
    <subfield code="4">0</subfield>
    <subfield code="6">P_D2</subfield>
    <subfield code="7">1</subfield>
    <subfield code="a">PAULUS</subfield>
    <subfield code="b">PAULUS</subfield>
    <subfield code="d">2013-05-15</subfield>
    <subfield code="l">0</subfield>
    <subfield code="o">P D2</subfield>
    <subfield code="r">2013-05-15 00:00:00</subfield>
    <subfield code="w">2013-05-15</subfield>
    <subfield code="y">BK</subfield>
  </datafield>
</record>
